Rosa Francia 2018 - Statistics

Statistiche generali
  • Questo quiz è stato fatto 210 volte
  • Il punteggio medio è 16 su 23
Statistiche sulle risposte
Ruolo Club dell'epoca Calciatore % Corretto
Portiere Tottenham Hugo Lloris
95%
Paris-Saint Germain Kylian Mbappé
95%
Centrocampista Manchester United Paul Pogba
95%
Attaccante Atletico Madrid Antoine Griezmann
89%
Chelsea Oliver Giroud
86%
Chelsea N'Golo Kanté
84%
Barcellona Ousmane Dembelé
84%
Real Madrid Raphaël Varane
84%
Juventus Blaise Matuidi
83%
Difensore Stoccarda Benjamin Pavard
81%
Barcellona Samuel Umtiti
81%
Olympique Marsiglia Steve Mandanda
80%
Paris-Saint Germain Prsenel Kimpembe
72%
Paris-Saint Germain Alphonse Areola
68%
Atletico Madrid Lucas Hernández
68%
Manchester City Benjamin Mendy
66%
Bayern Monaco Corentin Tolisso
54%
Siviglia Steven N'Zonzi
39%
Olympique Marsiglia Florian Thauvin
36%
Monaco Djibril Sidibé
34%
Olympique Lione Nabil Fekir
30%
Monaco Thomas Lemar
29%
Olympique Marsiglia Adil Rami
26%
Nessun quiz corrispondente trovato
Distribuzione punteggi
Percentuale di utenti per punteggio
Percentile per numero di risposta
I tuoi punteggi nel tempo
Non hai fatto questo quiz